00848cam a2200253 a 450000100100000000500170001000800410002702000150006804000230008308200240010610000440013024500710017425000110024526000320025630000280028849000290031650400540034560000700039965000240046965000210049365000260051470000230054083000310056300000546120200929151703.0990706s1999 sp a b 000 p spa  a843761693X aDO-SdBNPcDLCdDLC a861.64bG724p, 19991 aGoytisolo, José Agustín,d1928-199910aPoesía /cJosé Agustín Goytisolo ; edición de Carme Riera. a3a ed. aMadrid :bCátedra,c1999. a343 p. :bil. ;c18 cm.1 aLetras hispánicasv454 aIncluye referencias bibliográficas (p. 95-103).14aGOYTISOLO, JOSÉ AGUSTÍN,d1928-xCRÍTICA E INTERPRETACIÓN 4aPoesía española 4aPoesía amorosa 4aLiteratura española1 aRiera, Carme,eed. 0aLetras hispánicas ;v454